Statystyki dla Najlepsi piłkarze mistrzostw świata

Kliknij tutaj aby rozwiązać quiz!

Ogólne statystyki

  • Ten quiz został rozwiązany 1 141 razy
  • Średni wynik to 6 z 21

Statystyki odpowiedzi

HintOdpowiedź% Poprawnych
Brazylia 2014Lionel Messi
83%
Francja 1998Ronaldo
80%
Rosja 2018Luka Modrić
72%
Meksyk 1970Pele
71%
Meksyk 1986Diego Maradona
65%
Niemcy 2006Zinedine Zidane
54%
RPA 2010Diego Forlan
26%
Chile 1962Garrincha
20%
Szwajcaria 1954Ferenc Puskas
18%
Korea/Japonia 2002Oliver Kahn
18%
Stany Zjednoczone 1994Romario
14%
Anglia 1966Bobby Charlton
13%
Hiszpania 1982Paolo Rossi
12%
Argentyna 1978Mario Kempes
9%
Włochy 1934Giuseppe Meazza
4%
Francja 1938Leonidas
4%
Szwecja 1958Didi
3%
RFN 1974Johan Cruijff
3%
Włochy 1990Salvatore Schillaci
3%
Urugwaj 1930Jose Nasazzi
1%
Brazylia 1950Zizinho
1%

Rozkład punktacji

Percentyl według liczby udzielonych odpowiedzi

Procent ludzi z każdym wynikiem

Twoja historia wyników

Nie rozwiązałeś tego quizu